Statistics for Super Smash Bros. Melee Top 8 at every Big House

Click here to take the quiz!

General Stats

  • This quiz has been taken 20 times
  • The average score is 56 of 80

Answer Stats

Answer% Correct
4thArmada
100%
2ndArmada
100%
4thArmada
100%
1stArmada
100%
3rdDr. PeePee
100%
5thHungrybox
100%
1stHungrybox
100%
2ndHungrybox
100%
5thHungrybox
100%
2ndHungrybox
100%
5thHungrybox
100%
1stHungrybox
100%
1stMango
100%
1stAmsa
93%
5thLeffen
93%
3rdLeffen
93%
3rdLeffen
93%
3rdLeffen
93%
1stMew2King
93%
5thMew2King
93%
3rdMew2King
93%
4thMew2King
93%
2ndMew2King
93%
5thMew2King
93%
7thAxe
86%
7thiBDW
86%
3rdMango
86%
4thMango
86%
1stMango
86%
5thMango
86%
1stMango
86%
1stMango
86%
2ndMango
86%
4thZain
86%
4thZain
86%
2ndZain
86%
2ndPlup
79%
2ndPlup
79%
4thSFAT
79%
4thSFAT
79%
5thSFAT
79%
7thSFAT
79%
7thWizzrobe
79%
7thWizzrobe
79%
5thHax
71%
5thHax
71%
3rdiBDW
71%
7thLucky
71%
5thLucky
71%
2ndS2J
71%
7thS2J
71%
2ndHungrybox
64%
3rdIce
64%
7thJmook
64%
5thWestballz
64%
7thWestballz
64%
7thPewPewU
57%
7thPewPewU
57%
5thShroomed
57%
5thDuck
50%
7thFiction
50%
4thFiction
50%
7thAbate
43%
3rdFly Amanita
43%
1stLovage
43%
5thKirbyKaze
36%
4thKirbyKaze
36%
5thSoonsay
36%
7thChillin
29%
5thNintendude
29%
5thBananas
21%
7thKels
21%
7thRaynEX
21%
7thWeon-X
21%
7thFrootloop
14%
5thUnknown522
14%
5thUnknown522
14%
7thAbsentPage
7%
7thDarkatma
7%
3rdVaNz
7%

Score Distribution

Percentile by Number Answered

Percent of People with Each Score

Your Score History

You have not taken this quiz